书目信息 |
| 题名: |
中国古典戏曲理论类钞
|
|
| 作者: | 宋子俊 , 包建强 , 莫超 主编 | |
| 分册: | ||
| 出版信息: | 北京 中国社会科学出版社 2016 |
|
| 页数: | 587页 | |
| 开本: | 24cm | |
| 丛书名: | ||
| 单 册: | ||
| 中图分类: | J809.2 | |
| 科图分类: | ||
| 主题词: | 古代戏曲--gu dai xi qu--戏曲理论--研究--中国 | |
| 电子资源: | ||
| ISBN: | 978-7-5161-8457-8 | |
| 000 | 01319nam0 22002651 450 | |
| 001 | 1738580775 | |
| 005 | 20170627164559.0 | |
| 010 | @a978-7-5161-8457-8@dCNY98.00 | |
| 100 | @a20170509d2016 em y0chiy50 ea | |
| 101 | 0 | @achi |
| 102 | @aCN@b110000 | |
| 105 | @ay z 000yy | |
| 106 | @ar | |
| 200 | 1 | @a中国古典戏曲理论类钞@9zhong guo gu dian xi qu li lun lei chao@f宋子俊,包建强,莫超主编 |
| 210 | @a北京@c中国社会科学出版社@d2016 | |
| 215 | @a587页@d24cm | |
| 300 | @a本书得到兰州城市学院出版经费的资助 | |
| 330 | @a本成果是两代人花费三十多年的心血,经过潜心爬梳各类戏曲史料,分类辑钞而成的戏曲的理论汇编。本成果将论述戏曲文化现象的文字从芜杂的史料中辑录出来,按其主旨分类编纂,同一主旨的理论按其产生的时代先后编排,形成了本成果三大类统摄二十二小类的体制,旨在构筑中国古典戏曲理论的框架。如此编类,依据主要有二:一是中国古典戏曲的形成、存在、传播的客观事实;一是中国古典戏曲的生成学、特征学、实体学、批评史之间的逻辑关系。本成果的主要内容有:一、论述戏曲生成与特征方面的理论。二、论述剧本与表演的理论。三、论述戏曲传播与赏评的 | |
| 606 | 0 | @a古代戏曲@9gu dai xi qu@x戏曲理论@x研究@y中国 |
| 690 | @aJ809.2@v5 | |
| 701 | 0 | @a宋子俊@9song zi juan@4主编 |
| 701 | 0 | @a包建强@9bao jian qiang@4主编 |
| 701 | 0 | @a莫超@9mo chao@4主编 |
| 801 | 0 | @aCN@bTANGWEI@c20170620 |
| 905 | @b1015249-54@dJ809.2@e111@f6 | |
| 中国古典戏曲理论类钞/宋子俊,包建强,莫超主编.-北京:中国社会科学出版社,2016 |
| 587页;24cm |
| 本书得到兰州城市学院出版经费的资助 |
| ISBN 978-7-5161-8457-8:CNY98.00 |
| 本成果是两代人花费三十多年的心血,经过潜心爬梳各类戏曲史料,分类辑钞而成的戏曲的理论汇编。本成果将论述戏曲文化现象的文字从芜杂的史料中辑录出来,按其主旨分类编纂,同一主旨的理论按其产生的时代先后编排,形成了本成果三大类统摄二十二小类的体制,旨在构筑中国古典戏曲理论的框架。如此编类,依据主要有二:一是中国古典戏曲的形成、存在、传播的客观事实;一是中国古典戏曲的生成学、特征学、实体学、批评史之间的逻辑关系。本成果的主要内容有:一、论述戏曲生成与特征方面的理论。二、论述剧本与表演的理论。三、论述戏曲传播与赏评的 |
| ● |
| 相关链接 |
|
|
|
|
正题名:中国古典戏曲理论类钞
索取号:J809.2/111
 
预约/预借
| 序号 | 登录号 | 条形码 | 馆藏地/架位号 | 状态 | 备注 |
| 1 | 1015249 | 210152494 | 第一样本阅览室/ [索取号:J809.2/111] | 在馆 | |
| 2 | 1015250 | 210152500 | 教育系资料室/ [索取号:J809.2/111] | 在馆 | |
| 3 | 1015251 | 210152519 | 教育系资料室/ [索取号:J809.2/111] | 在馆 | |
| 4 | 1015252 | 210152528 | 教育系资料室/ [索取号:J809.2/111] | 在馆 | |
| 5 | 1015253 | 210152537 | 第一借阅区/ [索取号:J809.2/111] | 在馆 | |
| 6 | 1015254 | 210152546 | 第一借阅区/ [索取号:J809.2/111] | 在馆 |